000 00364nam a2200145Ia 4500
008 230917s9999||||xx |||||||||||||| ||und||
040 _e34569
_aMAIN
041 _aEnglish
082 _a942 C771S
100 _aCook
245 0 _aSources in British political history 1900-1951
260 _aLondon
_bThe Macmillan
_c1975
300 _axiii, 329 p.
942 _cBK
999 _c195693
_d195693